Statistics for Letters in Order of Frequency

Click here to take the quiz!

General Stats

  • This quiz has been taken 79 times
  • The average score is 11 of 26

Answer Stats

Answer% Correct
E
100%
A
94%
T
94%
O
89%
I
87%
N
85%
S
80%
H
70%
R
67%
D
48%
L
46%
C
39%
U
39%
M
28%
Z
20%
Q
19%
W
19%
X
19%
J
17%
K
15%
F
13%
G
11%
Y
11%
B
9%
P
9%
V
9%

Score Distribution

Percentile by Number Answered

Percent of People with Each Score

Your Score History

You have not taken this quiz